| 000 | 00705nam a2200229 4500 | ||
|---|---|---|---|
| 999 |
_c14796 _d14796 |
||
| 003 | MIRAKIL | ||
| 005 | 20220202151654.0 | ||
| 008 | 220202b tu ||||| |||| 00| 0 tur d | ||
| 020 | _a9786054200528 | ||
| 040 |
_aTR-AnCHP _cTR-AnCHP |
||
| 041 | _atur | ||
| 082 |
_a320.9561 _bY44y 2009 |
||
| 100 | _aYıldız, Müyesser | ||
| 245 | 1 | 0 |
_a 100 Yılın hesabı : $b _bTürk’ü tasfiye projesi/ _cMüyesser Yıldız. |
| 246 | _aTürk’ü tasfiye projesi | ||
| 260 |
_a Ankara : _bBilgeoğuz Yayıncılık, _c2009. |
||
| 300 |
_a472 s.: _c21 sm |
||
| 650 | 0 |
_99 _aSiyaset ve yönetim _xTürkiye |
|
| 650 | 0 |
_95106 _asiyasi tarih _xTürkiye |
|
| 740 | _aTürk’ü tasfiye projesi | ||
| 942 |
_2ddc _cBKS |
||